[Event "EY Boys U16 2012"]
[Site "Prague CZE"]
[Date "2012.08.18"]
[Round "2.15"]
[White "Zakhartsov,Vl"]
[Black "Navratil,Ji3"]
[Result "1-0"]
[WhiteElo "2306"]
[BlackElo "2066"]

1.e4 c5 2.Nf3 e6 3.d4 cxd4 4.Nxd4 Nc6 5.Nc3 a6 6.Be3 Qc7 7.g3 Nf6 8.Bg2 Be7
9.O-O O-O 10.Re1 d6 11.h3 Bd7 12.g4 Nxd4 13.Bxd4 e5 14.Be3 Bc6 15.g5 Nd7
16.Qg4 Nc5 17.h4 b5 18.h5 Qc8 19.Qg3 Qb7 20.Bxc5 dxc5 21.Qxe5 Rae8 22.Nd5 Bd8
23.Qg3 Bxd5 24.exd5 Qd7 25.d6 Qf5 26.g6 Qxh5 27.gxh7+ Qxh7 28.d7 Re6 29.Rxe6 fxe6
30.Qh3 Qg6 31.Re1 Rf6 32.Re2 c4 33.Kf1 Qf7 34.Bd5 exd5 35.Re8+ Qf8 36.Rxf8+ Kxf8
37.Qh8+ Ke7 38.Qe8+ Kd6 39.Qxd8 Rf7 40.Qb6+ Kxd7 41.Qb7+  1-0

[Event "EY Boys U16 2012"]
[Site "Prague CZE"]
[Date "2012.08.18"]
[Round "2.31"]
[White "Hochshtad,Eyal"]
[Black "Suarez Garcia,C"]
[Result "0-1"]
[WhiteElo "1958"]
[BlackElo "2311"]

1.e4 c5 2.Nf3 e6 3.d4 cxd4 4.Nxd4 Nc6 5.Nc3 Qc7 6.Be3 a6 7.Be2 Nf6 8.O-O Bb4
9.Nxc6 bxc6 10.f3 O-O 11.a3 Be7 12.f4 d5 13.exd5 cxd5 14.Qd4 Nd7 15.Bf3 Rb8
16.Rab1 Bc5 17.Qd3 Qxf4 18.Bxc5 Nxc5 19.Qe2 a5 20.Rfd1 Na4 21.Nxa4 Qxa4 22.Qf2 Ba6
23.Rd4 Qb5 24.Qd2 Rfc8 25.c3 Rc4 26.g3 Rxd4 27.Qxd4 Qd3 28.Qxd3 Bxd3 29.Rd1 Bc2
30.Re1 Rxb2 31.Bxd5 g6 32.Bc4 Bf5 33.Re2 Rb1+ 34.Kf2 Rc1 35.a4 Rxc3 36.Bb5 Kg7
37.Rd2 Ra3 38.Be8 Kf8 39.Bb5 Be4 40.Rd8+ Kg7 41.Rd7 Bc2 42.Bc4 Bxa4 43.Ra7 Bb3
44.Bxb3 Rxb3 45.Rxa5 Rb2+  0-1

[Event "LBV Open A 2012"]
[Site "Roosendaal NED"]
[Date "2012.08.18"]
[Round "4.12"]
[White "Van der Wiel,J"]
[Black "Grochal,J"]
[Result "1-0"]
[WhiteElo "2419"]
[BlackElo "2157"]

1.e4 c5 2.Nf3 e6 3.d4 cxd4 4.Nxd4 Nc6 5.Nc3 Qc7 6.Be2 a6 7.O-O Nf6 8.Kh1 d6
9.f4 Bd7 10.a4 Be7 11.Nb3 Nb4 12.Bf3 Rc8 13.Be3 O-O 14.a5 Bc6 15.Nd4 d5 16.e5 Ne4
17.Nce2 Bd7 18.c3 Nc6 19.Nb3 Nd8 20.Bb6 Qb8 21.Bxe4  1-0

[Event "27th Schwarzacher Open"]
[Site "Schwarzach AUT"]
[Date "2012.08.18"]
[Round "1.4"]
[White "Krivoborodov,E"]
[Black "Seisenberger,Georg"]
[Result "1-0"]
[WhiteElo "2503"]
[BlackElo "2086"]

1.e4 c5 2.Nf3 e6 3.d4 cxd4 4.Nxd4 Nc6 5.Nc3 Qc7 6.g3 a6 7.Bg2 d6 8.O-O Bd7
9.Re1 Be7 10.Nxc6 bxc6 11.Na4 e5 12.c4 Nf6 13.c5 dxc5 14.Be3 O-O 15.Nxc5 Rfd8
16.Nxd7 Nxd7 17.Qc2 Rab8 18.Rac1 Qa5 19.b3 Ba3 20.Rcd1 Bb4 21.Rf1 Nc5 22.Bh3 Ba3
23.Rd2 Bb4 24.Rxd8+ Rxd8 25.Rc1 Ba3 26.b4  1-0

[Event "2nd Split Open 2012"]
[Site "Split CRO"]
[Date "2012.08.18"]
[Round "8.26"]
[White "Armanda,I"]
[Black "Erben,L"]
[Result "1-0"]
[WhiteElo "2398"]
[BlackElo "2057"]

1.e4 c5 2.Nf3 e6 3.d4 cxd4 4.Nxd4 Nc6 5.Nc3 Qc7 6.Be2 a6 7.Be3 Nf6 8.a3 Be7
9.g4 d6 10.g5 Nd7 11.f4 b5 12.Nxc6 Qxc6 13.Bf3 Bb7 14.O-O h6 15.g6 fxg6 16.f5 gxf5
17.exf5 d5 18.fxe6 Qxe6 19.Nxd5 Bxd5 20.Qxd5 Qxd5 21.Bxd5 O-O-O 22.Rf7 Rhe8
23.Rd1 Bf6 24.Bf4 Ne5 25.Bb7+ Kb8 26.Rxd8+ Rxd8 27.Bxa6 Rd1+ 28.Kg2 Rb1 29.Rb7+ Ka8
30.Rxb5 Nd7 31.Bc8 Ne5 32.Bxe5 Bxe5 33.Rxe5 Rxb2 34.Bf5 Ra2 35.Re8+ Kb7 36.Re7+  1-0

[Event "Husek Vienna Open A"]
[Site "Vienna AUT"]
[Date "2012.08.18"]
[Round "6"]
[White "Jovanovic,Zo CRO"]
[Black "Szabolcsi,J"]
[Result "0-1"]
[WhiteElo "2521"]
[BlackElo "2385"]

1.e4 c5 2.Nc3 e6 3.Nf3 Nc6 4.d4 cxd4 5.Nxd4 Qc7 6.f4 a6 7.Nxc6 Qxc6 8.Be2 b5
9.Bf3 Bb7 10.Be3 Rc8 11.a3 Qc7 12.Qd4 f6 13.O-O-O Bc5 14.Qxc5 Qxc5 15.Bxc5 Rxc5
16.Rd3 Ne7 17.Rhd1 Rc7 18.a4 b4 19.Nb1 d5 20.f5 e5 21.exd5 Nxf5 22.d6 Rd7
23.Bxb7 Rxb7 24.Nd2 Kd7 25.Ne4 Rc8 26.R1d2 Rc4 27.Ng3 Nd4 28.Ne2 Nxe2+ 29.Rxe2 Rb6
30.Red2 Rcc6 31.Rg3 g6 32.Rh3 h5 33.a5 Rb5 34.Rf3 Rxa5 35.b3 f5 36.Rg3 Rxd6
37.Rxd6+ Kxd6 38.Rxg6+ Kd5 39.Rg5 f4 40.Rxh5 Ra1+ 41.Kd2 Rg1 42.Rg5 f3 43.Ke3 fxg2
44.Kf3 Rf1+ 45.Kxg2 Rc1 46.h4 Rxc2+ 47.Kf1 a5 48.Ke1 Rc3 49.Rg8 Rxb3 50.Ra8 Ra3
51.h5 Kd4 52.h6 Rh3 53.Rxa5 Rxh6 54.Rb5 Kc3 55.Rxe5 Rd6 56.Rc5+ Kb2 57.Rc8 b3
58.Ke2 Kb1 59.Rc7 b2 60.Ra7 Rd5 61.Ra8 Kc2  0-1

[Event "14th Sants Open A"]
[Site "Barcelona ESP"]
[Date "2012.08.19"]
[Round "3.7"]
[White "Gallego Alcaraz,A"]
[Black "Aroshidze,L"]
[Result "0-1"]
[WhiteElo "2377"]
[BlackElo "2568"]

1.e4 c5 2.Nf3 e6 3.d4 cxd4 4.Nxd4 Nc6 5.Nc3 Qc7 6.Be3 a6 7.Bd3 Nf6 8.O-O Ne5
9.h3 Bc5 10.Kh1 d6 11.f4 Ng6 12.Qe1 O-O 13.f5 Ne5 14.Qh4 b5 15.Rf3 exf5 16.exf5 Nxf3
17.gxf3 Bb7 18.Rg1 Bxf3+ 19.Kh2 Qe7 20.Qg3 Qe5 21.Bf4 Ng4+ 22.hxg4 Qxd4 23.Re1 Bc6
24.Be3 Qb4 25.Bd2 Rfe8 26.Ne4 Qxb2 27.Bc3 Qxa2 28.Nf6+ gxf6 29.g5 Rxe1 30.gxf6+ Kf8  0-1

[Event "ZMDI Open A 2012"]
[Site "Dresden GER"]
[Date "2012.08.19"]
[Round "2"]
[White "Kovchan,A"]
[Black "Heinig,Wo"]
[Result "1-0"]
[WhiteElo "2576"]
[BlackElo "2318"]

1.e4 c5 2.Nf3 e6 3.d4 cxd4 4.Nxd4 Nc6 5.Nc3 Qc7 6.Nxc6 bxc6 7.Bd3 Nf6 8.O-O Be7
9.Qe2 d5 10.exd5 exd5 11.Re1 Be6 12.Qf3 O-O 13.Bf4 Bd6 14.Ne2 Rab8 15.b3 Rb4
16.Bxd6 Qxd6 17.c3 Rb7 18.Nf4 Re7 19.Qg3 Qd7 20.h3 Rfe8 21.Re5 Qd8 22.c4 Bc8
23.Rxe7 Rxe7 24.cxd5 cxd5 25.Rc1 Bb7 26.Ne2 g6 27.Nd4 Qb6 28.Nf5 Re8 29.Rc7 Rf8
30.Ne7+ Kg7 31.Nxg6 hxg6 32.Qxg6+ Kh8 33.Qh6+ Kg8 34.Qg5+ Kh8 35.Qh4+ Kg8
36.Rxb7  1-0

[Event "12th ch-Euro Seniors"]
[Site "Kaunas LTU"]
[Date "2012.08.19"]
[Round "2.15"]
[White "Tratatovici,M"]
[Black "Batakovs,O"]
[Result "1-0"]
[WhiteElo "2279"]
[BlackElo "2115"]

1.e4 c5 2.Nf3 e6 3.d4 cxd4 4.Nxd4 Nc6 5.Nc3 Qc7 6.g3 a6 7.Bg2 d6 8.O-O Bd7
9.Re1 Be7 10.Nxc6 bxc6 11.b3 Nf6 12.Na4 O-O 13.Bb2 e5 14.c4 c5 15.Nc3 Bc6
16.f4 exf4 17.gxf4 Rad8 18.Re3 Rfe8 19.Nd5 Nxd5 20.cxd5 Bb7 21.Qh5 g6 22.Qxh7+  1-0

[Event "2nd Isthmia Open A"]
[Site "Korinthia GRE"]
[Date "2012.08.19"]
[Round "2.7"]
[White "Dorfanis,I"]
[Black "Adhiban,Baskaran"]
[Result "0-1"]
[WhiteElo "2239"]
[BlackElo "2553"]

1.e4 c5 2.Nf3 e6 3.d4 cxd4 4.Nxd4 Nc6 5.Nc3 Qc7 6.Be2 a6 7.O-O Nf6 8.Kh1 Be7
9.f4 d6 10.Be3 O-O 11.Qe1 Nxd4 12.Bxd4 b5 13.a3 Nd7 14.Qg3 Bf6 15.Bxf6 Nxf6
16.Bd3 Bb7 17.Rae1 Rad8 18.e5 dxe5 19.fxe5 Nd7 20.Re3 g6 21.Qh4 Nxe5 22.Rh3 f5
23.Be2 Ng4 24.Qg5 Qc5 25.Qh4 Rd7 26.b4 Qc6 27.Rg3 Ne3 28.Bf3 Qxc3 29.Bxb7 f4
30.Rh3 Rxb7  0-1

[Event "2nd Isthmia Open A"]
[Site "Korinthia GRE"]
[Date "2012.08.19"]
[Round "2.8"]
[White "Firman,N"]
[Black "Nikolaou,G"]
[Result "1-0"]
[WhiteElo "2535"]
[BlackElo "2224"]

1.e4 c5 2.Nf3 e6 3.d4 cxd4 4.Nxd4 Nc6 5.Nc3 Qc7 6.Ndb5 Qb8 7.a4 a6 8.Na3 Nf6
9.g3 Bb4 10.Bg2 O-O 11.O-O Rd8 12.Bf4 d6 13.Nc4 Qc7 14.Bg5 Ne5 15.Bxf6 gxf6
16.Nxe5 dxe5 17.Qg4+ Kh8 18.Qh4 Kg7 19.Nd1 Be7 20.Qg4+ Kh8 21.Qh5 Bc5 22.Ne3 Rg8
23.Ng4 Rg6 24.Kh1 Qe7 25.f4 exf4 26.e5 Rg5 27.exf6 Rxh5 28.fxe7 Bxe7 29.Rxf4 Rf5
30.Raf1 Rxf4 31.Rxf4 Kg7 32.Ne5 f6 33.Rg4+ Kf8 34.Nc4 e5 35.Rh4 Be6 36.Ne3 Kg7
37.Bd5 Bc5 38.Bxe6 Bxe3 39.Bf5 h6 40.Rc4 Rf8 41.a5 b6 42.Re4 Bc5 43.b4 Be7
44.Rc4 bxa5 45.bxa5 Rd8 46.Rc7 Kf8 47.Ra7 Rd6 48.Bd3 Bd8 49.Bxa6 Bxa5 50.Bd3 Bd2
51.Kg2 Re6 52.Kf3 Re7 53.Ra4 Rc7 54.Kg4 Kg7 55.Kf5 Bc3 56.Rg4+ Kf7 57.Be4 Rd7
58.Rg6 Rd6 59.Rxh6 Kg7 60.Rg6+ Kf7 61.h4 Bd2 62.h5 Bg5 63.h6 Rd2 64.Rg7+ Kf8
65.Kg6 Rh2 66.Rf7+ Ke8 67.Bc6+ Kd8 68.h7 Rh3 69.Kg7  1-0

[Event "2nd Isthmia Open A"]
[Site "Korinthia GRE"]
[Date "2012.08.19"]
[Round "3.20"]
[White "Filippas,S"]
[Black "Balokas,D2"]
[Result "1-0"]
[WhiteElo "2268"]
[BlackElo "2081"]

1.e4 c5 2.Nf3 e6 3.d4 cxd4 4.Nxd4 Nc6 5.Nc3 a6 6.Nxc6 bxc6 7.Bd3 d5 8.O-O Nf6
9.Re1 Be7 10.Bf4 O-O 11.Qf3 g6 12.Rad1 Re8 13.h3 Bb7 14.Na4 Qa5 15.b3 c5
16.exd5 Bxd5 17.Qe2 Nh5 18.Qd2 Qd8 19.Be3 Qc7 20.Qc3 Nf4 21.Bf1 Rec8 22.Bxf4 Qxf4
23.Rxd5 exd5 24.Rxe7 Re8 25.Qxc5 Rxe7 26.Qxe7 Rc8 27.g3 Qf3 28.Bd3  1-0

[Event "EY Boys U14 2012"]
[Site "Prague CZE"]
[Date "2012.08.19"]
[Round "3.24"]
[White "Monteriano,Eran"]
[Black "Huber,Mart AUT"]
[Result "0-1"]
[WhiteElo "1947"]
[BlackElo "2185"]

1.e4 c5 2.Nf3 e6 3.d4 cxd4 4.Nxd4 Nc6 5.Nc3 Qc7 6.Be3 a6 7.Be2 Nf6 8.O-O Be7
9.f4 d6 10.Qe1 O-O 11.Bf3 Nxd4 12.Bxd4 e5 13.Bf2 exf4 14.Qd2 Be6 15.Qxf4 Nd7
16.Bd4 Ne5 17.Rae1 Bf6 18.Rd1 b5 19.Kh1 Rac8 20.Rf2 Rfe8 21.Nd5 Bxd5 22.exd5 Ng6
23.Qd2 Bxd4 24.Qxd4 Qa5 25.Rdf1 Re1 26.Bg4 Rxf1+ 27.Rxf1 Re8 28.Qf2 Ne5 29.Bd7 Rd8
30.Bf5 g6 31.Bh3 Qc7 32.c3 f5 33.Qg3 Qg7 34.Qe3 Nc4 35.Qf2 Qe5 36.Re1 Qxd5
37.Qh4 Rf8 38.b3 Ne5 39.Kg1 Qd2 40.c4 bxc4 41.bxc4 Nd3 42.Rf1 Qe3+ 43.Kh1 Qe2
44.g4 f4 45.g5 Qe4+ 46.Bg2 Qxc4 47.Qg4 Ne5 48.Qd1 f3 49.Bxf3 Rxf3 50.Rxf3 Qc6
51.Kg2 Qxf3+ 52.Qxf3 Nxf3 53.Kxf3 Kf7 54.Ke4 Ke6 55.h4 d5+ 56.Kd4 Kd6 57.Kd3 Kc5
58.Kc3 d4+ 59.Kd3 Kd5 60.Kd2 Kc4 61.Kc2 d3+ 62.Kd2 Kd4 63.Kd1 Ke3 64.Ke1 Kf3  0-1

[Event "EY Boys U14 2012"]
[Site "Prague CZE"]
[Date "2012.08.19"]
[Round "3.57"]
[White "Cesenek,Jan"]
[Black "Gerlagh,Joris"]
[Result "1/2-1/2"]
[WhiteElo "1736"]
[BlackElo "1930"]

1.e4 c5 2.Nf3 Nc6 3.Nc3 e6 4.d4 cxd4 5.Nxd4 Nf6 6.Ndb5 Bb4 7.a3 Bxc3+ 8.Nxc3 d5
9.exd5 exd5 10.Bd3 O-O 11.O-O h6 12.h3 Be6 13.Bd2 d4 14.Ne4 Bd5 15.Qf3 Nxe4
16.Bxe4 Bxe4 17.Qxe4 Qb6 18.b3 Rfe8 19.Qf4 Ne5 20.Qg3 Qc6 21.Rac1 Re6 22.f4 Nd7
23.c3 Qb6 24.cxd4 Qxd4+ 25.Qf2 Qxf2+ 26.Kxf2 Rae8 27.Rfe1 Rxe1 28.Rxe1 Rxe1
29.Bxe1 Nc5 30.Ke3 Nxb3 31.Ke4 Nc5+ 32.Kd5 Ne6 33.Bd2 Kf8 34.Kd6 Ke8 35.Be3 b6
36.f5 Nd8 37.Kc7 h5 38.g4 hxg4 39.hxg4 f6 40.a4 Ke7 41.Bf4 Ke8 42.Kb8 Nc6+
43.Kb7 Kd7 44.Bc1 Ne5 45.Kxa7 Kc6 46.g5 b5 47.axb5+ Kxb5 48.gxf6  1/2-1/2

[Event "LBV Open A 2012"]
[Site "Roosendaal NED"]
[Date "2012.08.19"]
[Round "6.39"]
[White "Van de Vreede,J"]
[Black "Losekoot,P"]
[Result "1-0"]
[WhiteElo "2012"]
[BlackElo "2089"]

1.e4 c5 2.Nf3 e6 3.Nc3 Nc6 4.d4 cxd4 5.Nxd4 Qc7 6.Be3 a6 7.Be2 Nf6 8.f4 d6
9.O-O Be7 10.Bf3 O-O 11.Kh1 Re8 12.Qe1 Bf8 13.Qg3 Bd7 14.Rae1 Kh8 15.Qh4 Be7
16.Qf2 Rac8 17.a4 Nxd4 18.Bxd4 e5 19.Bb6 Qc4 20.f5 Bxa4 21.g4 Bb5 22.g5 Nd7
23.Be2 Qc6 24.Bxb5 axb5 25.f6 Bf8 26.fxg7+ Bxg7 27.Be3 b4 28.Nd5 Qxc2 29.Qf5 Nf8
30.Nf6 Red8 31.Bb6 Qxb2 32.Bxd8 Rxd8 33.Re3 Ra8 34.Rh3 Bxf6 35.Qxf6+ Kg8
36.Qxf7+ Kh8 37.g6  1-0

[Event "2nd Split Open 2012"]
[Site "Split CRO"]
[Date "2012.08.19"]
[Round "9.42"]
[White "Bocina,D"]
[Black "Brcar,Al"]
[Result "1/2-1/2"]
[WhiteElo "2145"]
[BlackElo "1999"]

1.e4 c5 2.Nf3 e6 3.d4 cxd4 4.Nxd4 Nc6 5.Nc3 Qc7 6.g3 Nf6 7.Bg2 a6 8.O-O Be7
9.Re1 d6 10.a4 O-O 11.h3 Bd7 12.b3  1/2-1/2

[Event "2nd Split Open 2012"]
[Site "Split CRO"]
[Date "2012.08.19"]
[Round "9.10"]
[White "Bozanic,I"]
[Black "Gagarin,V"]
[Result "0-1"]
[WhiteElo "2267"]
[BlackElo "2372"]

1.e4 c5 2.Nf3 e6 3.d4 cxd4 4.Nxd4 Nc6 5.Nc3 d6 6.Be2 Nf6 7.O-O Be7 8.Kh1 O-O
9.f4 a6 10.Bf3 Qc7 11.e5 dxe5 12.Nxc6 bxc6 13.fxe5 Nd5 14.Na4 Qxe5 15.c4 Nb4
16.Bf4 Qxf4 17.Bxc6 Qxf1+ 18.Qxf1 Nxc6 19.c5 Bb7 20.b4 Nd4 21.Qf4 Bf6 22.Rf1 Nf5
23.Qc7 Be4 24.Qf4 Bc6 25.Nb6 Rad8 26.Qc7 Bb5 27.Re1 Bc3 28.Rb1 Bd3 29.Rc1 Bd2
30.Rd1 Bc2 31.Rg1 Bxb4 32.Nd7 Rfe8 33.c6 Bd6 34.Qb7 Be4 35.Re1 Bd5 36.a4 Rc8
37.Rc1 Nd4 38.Nb6 Bxc6 39.Qxa6 Bxg2+  0-1

[Event "14th Sants Open A"]
[Site "Barcelona ESP"]
[Date "2012.08.20"]
[Round "4.10"]
[White "Lopez Martinez,Josep"]
[Black "Coll Ortega,J"]
[Result "1-0"]
[WhiteElo "2498"]
[BlackElo "2293"]

1.e4 c5 2.Nf3 e6 3.d4 cxd4 4.Nxd4 Nc6 5.Nc3 Qc7 6.Be3 a6 7.Qd2 Nf6 8.O-O-O Be7
9.f3 b5 10.g4 O-O 11.g5 Nh5 12.Nce2 Rd8 13.Kb1 g6 14.Ng3 Nxd4 15.Bxd4 Nf4
16.h4 e5 17.Bc3 a5 18.Bxb5 d5 19.Qe1 d4 20.Bd2 a4 21.Bxf4 exf4 22.Ne2 Qc5
23.c4 dxc3 24.Nxc3 a3 25.Qe2 Be6 26.Rxd8+ Rxd8 27.Rc1 Rb8 28.Rc2 Bd6 29.Ba4 axb2
30.Qd1 Be5 31.Nd5 Qa3 32.Bc6 Kg7 33.Rc4 Rc8 34.Bb5 Rxc4 35.Bxc4 Qc5 36.Bb3 Bd7
37.Nf6 Bb5 38.Bc2 Qe3 39.Ng4 Qc5 40.Nxe5 Qxe5 41.Qd5 Qxd5 42.exd5 Be2 43.Be4 f5
44.d6 Bb5 45.Bd5 Kf8 46.Kxb2 Ke8 47.Kc3 Kd7 48.Kb4 Kxd6 49.Kxb5 Kxd5 50.a4 Kd4
51.a5 Ke3 52.a6 Kxf3 53.a7 Ke2 54.a8=Q f3 55.Kc4 f2 56.Qg2 Ke1 57.Kc3 Ke2
58.Kc2 Ke1 59.Qg3 Kf1 60.Kd2  1-0

[Event "ZMDI Open A 2012"]
[Site "Dresden GER"]
[Date "2012.08.20"]
[Round "3"]
[White "Schoene,Mar"]
[Black "Brinck Claussen,B"]
[Result "1/2-1/2"]
[WhiteElo "2184"]
[BlackElo "2286"]

1.e4 c5 2.Nf3 e6 3.d4 cxd4 4.Nxd4 Nc6 5.Nc3 Qc7 6.Be2 a6 7.Be3 Nf6 8.a3 Be7
9.f4 d6 10.g4 d5 11.e5 Ne4 12.Nxe4 dxe4 13.O-O Bc5 14.c3 O-O 15.Qb1 Bxd4
16.Bxd4 Nxd4 17.cxd4 Bd7 18.Qxe4 Bc6 19.Qe3 Rad8 20.Rad1 Rd7 21.Bf3 Rfd8
22.Bxc6 bxc6 23.b4 Qb6 24.Rd2 Rxd4 25.Rc1 g5 26.Rxc6 Qxc6 27.Rxd4 Rxd4 28.Qxd4 Qc1+
29.Kg2 gxf4 30.a4 Qc2+ 31.Kf3 Qxa4 32.Kxf4 Kg7 33.Qb6 Qc2 34.Qxa6 Qxh2+ 35.Kf3 Qxe5
36.b5 Qc3+ 37.Kg2 Qd4 38.Kf1 Qd3+ 39.Kg2 e5 40.Qc6 e4 41.b6 Qd2+ 42.Kh3 Qe3+
43.Kh2 Qf2+ 44.Kh3 Qf1+ 45.Kh2 Qf2+  1/2-1/2

[Event "12th World Uni Women"]
[Site "Guimaraes POR"]
[Date "2012.08.20"]
[Round "2.4"]
[White "Kulon,K"]
[Black "Hoolt,S"]
[Result "1-0"]
[WhiteElo "2259"]
[BlackElo "2281"]

1.e4 c5 2.Nf3 e6 3.d4 cxd4 4.Nxd4 Nc6 5.Nc3 Qc7 6.Be3 a6 7.Qd2 Nf6 8.O-O-O Bb4
9.f3 Ne5 10.Nb3 b5 11.Kb1 Nc4 12.Bxc4 bxc4 13.Nd4 O-O 14.g4 Rb8 15.g5 Ne8
16.Ka1 Qa5 17.h4 Nd6 18.Nde2 Nb5 19.Qe1 d5 20.Bd2 d4 21.Nxb5 Bxd2 22.Qxd2 Qxb5
23.Qxd4 c3 24.Qxc3 Qxe2 25.h5 g6 26.a4 Qg2 27.Kb1 Bd7 28.hxg6 Qxh1 29.Rxh1 fxg6
30.Qc7 Rfd8 31.Qh2 h5 32.gxh6 Kh7 33.Qd6  1-0

[Event "EY Boys U16 2012"]
[Site "Prague CZE"]
[Date "2012.08.20"]
[Round "4.13"]
[White "Martins,Dav"]
[Black "Suarez Garcia,C"]
[Result "1-0"]
[WhiteElo "2123"]
[BlackElo "2311"]

1.e4 c5 2.Nf3 e6 3.d4 cxd4 4.Nxd4 Nc6 5.Nc3 Qc7 6.Be3 a6 7.Qd2 Nf6 8.O-O-O Bb4
9.f3 Ne5 10.Nb3 b5 11.Qe1 Be7 12.Qg3 O-O 13.f4 Nc4 14.e5 Ne8 15.Bd4 Na5 16.f5 Nxb3+
17.axb3 b4 18.f6 Bxf6 19.exf6 Qxg3 20.hxg3 bxc3 21.fxg7 cxb2+ 22.Kxb2 Nxg7
23.Bf6 Ne8 24.Be7 f5 25.Bxf8 Kxf8 26.g4 fxg4 27.Rxh7 Nf6 28.Rh8+ Ke7 29.g3 Bb7
30.Rxa8 Bxa8 31.Bxa6 Bf3 32.Rg1 d5 33.c3 Kd6 34.Kc2 e5 35.b4 e4 36.Kd2 Ne8
37.Ke3 Ng7 38.Ra1 Ke5 39.Bc8 Ne8 40.Ra7 Kd6 41.Kd4 Nc7 42.Rxc7 Kxc7 43.Be6 e3
44.Kxe3 Kd6 45.Bc8 Ke5 46.Ba6 Bd1 47.Be2 Bc2 48.Bxg4 Ba4 49.Be2 Bd7 50.Ba6  1-0

[Event "EY Boys U14 2012"]
[Site "Prague CZE"]
[Date "2012.08.20"]
[Round "4.3"]
[White "Sanal,V"]
[Black "Minko,V"]
[Result "1/2-1/2"]
[WhiteElo "2387"]
[BlackElo "2257"]

1.e4 c5 2.Nf3 e6 3.d4 cxd4 4.Nxd4 Nc6 5.Nc3 Qc7 6.g3 a6 7.Bg2 h5 8.Nb3 Ne5
9.Bg5 Nc4 10.Qd4 Nxb2 11.O-O Nc4 12.Rad1 f6 13.Bf4 Ne5 14.a4 Ne7 15.Bxe5 Qxe5
16.Qe3 Nc6 17.f4 Qb8 18.Nd5 b5 19.Nb6 Qa7 20.a5 Nxa5 21.Nxa5 Rb8 22.Kh1 Qxb6
23.Qd2 Bc5 24.f5 e5 25.Nb3 d6 26.Qd5 Ke7 27.Rd2 Rb7 28.Rfd1 Rc7 29.Bf3 Qc6
30.Qd3 Bb4 31.Rf2 Qb6 32.Qe2 Bb7 33.Rg2 Rhc8 34.Bxh5 Rxc2 35.Qg4 Rxg2 36.Qxg7+ Kd8
37.Qxf6+ Kc7 38.Kxg2 Qe3 39.Nd2 Bxd2 40.Qe7+ Kc6 41.f6 Rc7 42.Be8+ Kb6 43.Qxd6+  1/2-1/2

[Event "14th Sants Open A"]
[Site "Barcelona ESP"]
[Date "2012.08.21"]
[Round "5.7"]
[White "Fernandez Garcia,JoseL1"]
[Black "Shankland,S"]
[Result "1/2-1/2"]
[WhiteElo "2433"]
[BlackElo "2581"]

1.e4 c5 2.Nf3 e6 3.d4 cxd4 4.Nxd4 Nc6 5.Nc3 Qc7 6.g3 Nf6 7.Ndb5 Qb8 8.Bf4 Ne5
9.Be2 Bc5 10.Bxe5 Qxe5 11.f4 Qb8 12.e5 a6 13.exf6 axb5 14.Ne4 Bf8 15.Qd4 Rg8
16.Bxb5 Qa7 17.Qxa7 Rxa7 18.a4 b6 19.O-O-O Ba6 20.Nd6+ Bxd6 21.Rxd6 Bxb5
22.Rxb6 gxf6 23.Rb8+ Ke7 24.Rxg8 Rxa4 25.Re1 Bc6 26.Rh8 Be4 27.b3 Ra1+ 28.Kd2 Rxe1
29.Kxe1 Bxc2 30.b4 Be4 31.b5 e5 32.b6 Kd6 33.Rf8 Bd5 34.b7 Bxb7 35.Rxf7 Ke6
36.Rxh7 Be4 37.Rh6 d6 38.Kd2 Kf7 39.fxe5 dxe5 40.Ke3 Bg6 41.Rh8 f5 42.Ra8 Kf6
43.Ra6+ Kg5 44.h4+ Kh6 45.Re6 f4+ 46.gxf4 exf4+ 47.Kxf4 Kg7 48.Kg5 Bc2 49.Re7+ Kg8
50.Kh6 Bd3 51.Rg7+ Kf8 52.h5 Bc2 53.Rg3 Kf7 54.Rc3 Bb1 55.Rc8 Bd3 56.Kg5 Kg7
57.h6+ Kh7 58.Rc7+ Kh8 59.Rg7 Bc2 60.Kf6 Bd3 61.Rd7 Bc2 62.h7 Bxh7 63.Rd8+ Bg8
64.Kg6  1/2-1/2

[Event "32nd Bratto Masters"]
[Site "Bratto ITA"]
[Date "2012.08.21"]
[Round "4.9"]
[White "Bellia,F"]
[Black "Gagliardi,Ch"]
[Result "1-0"]
[WhiteElo "2451"]
[BlackElo "2217"]

1.e4 c5 2.Nf3 e6 3.d4 cxd4 4.Nxd4 Nc6 5.Nc3 Qc7 6.Be2 a6 7.O-O Nf6 8.Be3 Bb4
9.Na4 Be7 10.Nxc6 bxc6 11.Nb6 Rb8 12.Nxc8 Qxc8 13.e5 Nd5 14.Bc1 Bc5 15.c4 Ne7
16.b3 Qc7 17.Bb2 Ng6 18.Kh1 O-O 19.f4 d6 20.exd6 Bxd6 21.g3 Rfd8 22.Qc2 a5
23.c5 Bf8 24.f5 exf5 25.Rxf5 Rd5 26.Raf1 Rxf5 27.Rxf5 Re8 28.Bc4 Re1+ 29.Kg2 Re7
30.h4 h6 31.Rxf7 Nxh4+ 32.gxh4 Rxf7 33.Qf5 Qe7 34.Be6 Qe8 35.Qg6 Qe7 36.Be5 Qb7
37.a3 Qa7 38.Bc3 Qb7 39.Be5 Qa7 40.b4 axb4 41.axb4 Qb7 42.Kg3 Qa7 43.Kg4 Qb7
44.b5 cxb5 45.c6 Qa7 46.Bxf7+  1-0

[Event "ZMDI Open A 2012"]
[Site "Dresden GER"]
[Date "2012.08.21"]
[Round "4"]
[White "Petermann,M"]
[Black "Ganguly,S"]
[Result "1/2-1/2"]
[WhiteElo "2255"]
[BlackElo "2629"]

1.e4 c5 2.Nf3 e6 3.d4 cxd4 4.Nxd4 Nc6 5.Nc3 Qc7 6.Be3 a6 7.Bd3 Nf6 8.O-O Nxd4
9.Bxd4 Bc5 10.Be2 d6 11.Na4 b5 12.Nxc5 dxc5 13.Be3 Nxe4 14.Bf3 Bb7 15.Bxe4 Bxe4
16.Qg4 f5 17.Qg3 Qxg3 18.hxg3 c4 19.c3 e5 20.Rfe1 Kf7 21.f4 Rhe8 22.Kf2 h6
23.Rad1 Bd3 24.fxe5 Rxe5 25.Bd4 Rd5 26.Re3 h5 27.Rde1 Be4 28.a3 a5 29.Bb6 Ra6
30.Bd4 Rd7 31.R3e2 g5 32.Be3 Rg6 33.Rd2 Rd3 34.Rxd3 cxd3 35.Rd1 a4 36.Rd2 Ke6
37.Bd4 Kd5 38.Ke3 h4 39.Kf2 hxg3+ 40.Kxg3 Rh6 41.Bg1 Kc4 42.Kf2 Rh1  1/2-1/2

[Event "12th World Uni Men"]
[Site "Guimaraes POR"]
[Date "2012.08.21"]
[Round "3.5"]
[White "Rojas Alarcon,J"]
[Black "Bulski,K"]
[Result "0-1"]
[WhiteElo "2344"]
[BlackElo "2544"]

1.e4 c5 2.Nf3 e6 3.d4 cxd4 4.Nxd4 Nc6 5.Nc3 Qc7 6.Be2 a6 7.Be3 Nf6 8.O-O Be7
9.f4 d6 10.Kh1 O-O 11.Qe1 Nxd4 12.Bxd4 b5 13.a3 Bb7 14.Qg3 Rad8 15.Rad1 Bc6
16.e5 dxe5 17.Bxe5 Qb7 18.f5 exf5 19.Rxf5 Rxd1+ 20.Nxd1 Ne8 21.Bd3 g6 22.Ne3 f6
23.Rh5 Be4 24.Bd4 Bxd3 25.cxd3 Qc7 26.Qxc7 Nxc7 27.Rh3 Rd8 28.Bb6 Rd7 29.Rf3 Na8
30.Ba5 Rxd3 31.Nf1 Rxf3 32.gxf3 Kf7 33.Ne3 Ke6 34.Nc2 Bc5 35.Kg2 Kd7 36.f4 Nc7
37.Kf3 f5 38.Ne1 Bd4 39.Nd3 Ne6 40.b3 Nc5 41.Nxc5+ Bxc5 42.a4 bxa4 43.bxa4 Ke6
44.Ke2 Kd5 45.Kd3 Bd6 46.Bd2 g5 47.fxg5 Bxh2 48.Ke3 f4+ 49.Kf3 Ke5 50.Kg4 Ke4
51.Kh5 f3 52.Be1 Ke3 53.Kh6 Bf4 54.Kxh7 Bxg5 55.Kg6 Bd8  0-1

[Event "2nd Isthmia Open A"]
[Site "Korinthia GRE"]
[Date "2012.08.21"]
[Round "5.3"]
[White "Vishnu,P"]
[Black "Firman,N"]
[Result "1/2-1/2"]
[WhiteElo "2435"]
[BlackElo "2535"]

1.e4 c5 2.Nf3 e6 3.d4 cxd4 4.Nxd4 Nc6 5.Nc3 d6 6.Be3 a6 7.f4 Bd7 8.Be2 b5
9.a3 Nf6 10.O-O Qc7 11.Qe1 Be7 12.Qg3 O-O 13.Kh1 Nxd4 14.Bxd4 Bc6 15.Rae1 g6
16.f5 e5 17.Be3 Kh8 18.Qh4 gxf5 19.Bg5 Ng8 20.Rxf5 Bxg5 21.Rxg5 f6 22.Rf5 Rab8
23.Bd3 b4 24.axb4 Rxb4 25.b3 d5 26.Qf2 dxe4 27.Nxe4 Bxe4 28.Bxe4 Qb6 29.Qf3 Rd8
30.h3 Rbd4 31.Rh5 R8d7 32.c3 Rd2 33.Qf5 Qa7 34.Rf1 Rg7 35.c4 h6 36.Qc8 Qe3
37.Qf5 Qxb3 38.Bd5 Qd3 39.Qxd3 Rxd3 40.Rb1 Rd4 41.Rb8 Kh7 42.Rf5 Ne7 43.Rxf6 Nxd5
44.cxd5 Rd1+ 45.Kh2 Rd2 46.Kg1 Rdxg2+ 47.Kf1 R2g6 48.Rxg6 Kxg6 49.Rb6+ Kg5
50.Rxa6 Rd7 51.Ra5 Kf4 52.Ke2 Ke4 53.Ra6 Rb7 54.Rxh6 Rb2+ 55.Kf1 Kxd5 56.Rh4 e4
57.Rg4  1/2-1/2

[Event "EY Boys U14 2012"]
[Site "Prague CZE"]
[Date "2012.08.21"]
[Round "5.11"]
[White "Ladopoulos,D"]
[Black "Huber,Mart AUT"]
[Result "1/2-1/2"]
[WhiteElo "2027"]
[BlackElo "2185"]

1.e4 c5 2.Nf3 e6 3.d4 cxd4 4.Nxd4 Nc6 5.Nc3 Qc7 6.Be2 a6 7.O-O Nf6 8.Be3 Be7
9.f4 d6 10.Qe1 O-O 11.Qg3 Nxd4 12.Bxd4 b5 13.a3 Bb7 14.Bd3 Rad8 15.Qh3 e5
16.Be3 Bc6 17.Rae1 Bd7 18.f5 Qb7 19.Bd2 a5 20.g4 h6 21.b4 axb4 22.axb4 Nh7
23.Qg3 Bf6 24.Re2 Bc6 25.Kg2 d5 26.exd5 Bxd5+ 27.Nxd5 Qxd5+ 28.Be4 Qc4 29.Bd3 Qd5+
30.Be4 Qc4 31.Bd3 Qd5+  1/2-1/2

[Event "EY Boys U14 2012"]
[Site "Prague CZE"]
[Date "2012.08.21"]
[Round "5.2"]
[White "Gajek,R"]
[Black "Korpa,B"]
[Result "1/2-1/2"]
[WhiteElo "2200"]
[BlackElo "2317"]

1.e4 c5 2.Nf3 e6 3.d4 cxd4 4.Nxd4 Nc6 5.Nc3 Qc7 6.Be3 a6 7.Bd3 b5 8.Nxc6 Qxc6
9.O-O Bb7 10.a4 b4 11.Ne2 Nf6 12.f3 Bc5 13.Bxc5 Qxc5+ 14.Kh1 O-O 15.Qe1 a5
16.c3 Qe3 17.Rd1 Ba6 18.Nd4 Qxe1 19.Rfxe1 bxc3 20.bxc3 Rfc8 21.Bxa6 Rxa6
22.Nb5 Rc4 23.Rd4 Rac6 24.e5 Nd5 25.Red1 Kf8 26.Rxc4 Rxc4 27.Rd4 Rc6 28.Kg1 Ke7
29.Rg4 g6 30.Rh4 h5 31.c4 Nb6 32.Nd6 Rc5 33.Re4 f5 34.Re2 Nxa4 35.Nb7 Rxc4
36.Nxa5 Rb4 37.Rc2 Nb6 38.Rc7 Kd8 39.Rc2 Rb5 40.Nb7+ Ke7 41.Nc5 Nd5 42.Nd3 Rb1+
43.Kf2 Rh1 44.h3 f4 45.Ne1 Ne3 46.Rc8 Nf5 47.Ke2 Nd4+ 48.Kf2 Rxe1 49.Kxe1 Nc6
50.Kd2 Nxe5 51.Kc3 Nf7 52.Kd4 d5 53.Kc5 h4 54.Ra8 Ne5 55.Ra7+ Kf6 56.Ra8 Nf7  1/2-1/2

[Event "EY Boys U14 2012"]
[Site "Prague CZE"]
[Date "2012.08.21"]
[Round "5.40"]
[White "Petr,Ja2"]
[Black "Ramacker,Quinten"]
[Result "1-0"]
[WhiteElo "2001"]
[BlackElo "1805"]

1.e4 c5 2.Nf3 e6 3.d4 cxd4 4.Nxd4 Nc6 5.Nc3 Qc7 6.Be3 a6 7.Bd3 Nf6 8.O-O h5
9.h3 Be7 10.a4 d6 11.Qd2 Bd7 12.Rfb1 Qc8 13.Bf1 e5 14.Nf3 Nd8 15.Bg5 Bc6
16.Bxf6 gxf6 17.Nh4 Ne6 18.Nf5 Qd7 19.b4 Ng5 20.Qd3 Qe6 21.Ng7+  1-0